Police: Spirits in the Material World. Fill in the blanks. - Statistics

General Stats
  • This quiz has been taken 12 times
  • The average score is 18 of 20
Answer Stats
Answer % Correct
Are {spirits} in the material world
100%
Are {spirits} in the material world
100%
Are {spirits} in the material world
100%
Are spirits in the material {world}
100%
Are spirits in the material {world}
100%
Are spirits in the material {world}
100%
Living from day to d{ay}
100%
There is no political s{olution}
100%
There must be another w{ay}
100%
We are spirits in the {material} world
100%
We are {spirits} in the material world
100%
Where does the answer l{ie}?
100%
Have no f{aith} in constitution
89%
Our so-called l{eaders} speak
89%
If it's something we can't b{uy}
78%
But it's the rhetoric of f{ailure}
67%
There is no b{loody} revolution
67%
To our t{roubled} evolution
67%
With words they try to j{ail} you
67%
They s{ubjugate} the meek
56%
No matching quizzes found
Score Distribution
Percent of People with Each Score
Percentile by Number Answered
Your Score History
You have not taken this quiz